LabVIEW digital signal processing : And digital communications

LabVIEW Digital Signal Processing teaches engineers how to use the graphical programming language to create virtual instruments to handle to most sophisticated DSP applications. From basic filters to complex sampling mechanisms to signal generators, LabVIEW virtual instruments (VIs) can make DSP wor...

Volledige beschrijving

Bewaard in:
Bibliografische gegevens
Hoofdauteur: Clark, Cory L.
Formaat: Boek
Taal:Undetermined
Gepubliceerd in: New York McGraw-Hill 2005
Onderwerpen:
Tags: Voeg label toe
Geen labels, Wees de eerste die dit record labelt!
Thư viện lưu trữ: Trung tâm Học liệu Trường Đại học Cần Thơ
LEADER 01074nam a2200229Ia 4500
001 CTU_172298
008 210402s9999 xx 000 0 und d
020 |c 1954260 
082 |a 621.3822 
082 |b C592 
100 |a Clark, Cory L. 
245 0 |a LabVIEW digital signal processing : 
245 4 |b And digital communications 
245 0 |c Cory L. Clark 
260 |a New York 
260 |b McGraw-Hill 
260 |c 2005 
520 |a LabVIEW Digital Signal Processing teaches engineers how to use the graphical programming language to create virtual instruments to handle to most sophisticated DSP applications. From basic filters to complex sampling mechanisms to signal generators, LabVIEW virtual instruments (VIs) can make DSP work faster and much less expensive – a particular boon to the many engineers working on cutting edge communications systems. 
650 |a Signal processing,Xử lý tín hiệu 
650 |x Digital techniques,Kỹ thuật số 
904 |i Trọng Hải 
980 |a Trung tâm Học liệu Trường Đại học Cần Thơ